Регионална библиотека "Любен Каравелов" - Русе

Биология (Запис номер 127302)

MARC детайли
000 -Лидер
Контролно поле с фиксирана дължина 01550nam a2200337 c 4500
003 - Код на организацията, давaща контролен номер
Контролно поле BLK
005 - Дата и час на последна редакция
Контролно поле 20180420232049.0
008 - Елементи от данни с фиксирана дължина
fixed length control field 180409b bul|||||r ||||||| ||bul||
010 ## - Наследен системен номер
LC control number KNG00133004000
040 ## - Източник на каталожния запис
Идентификатор на билиотеката - собственик на записа BLK
041 ## - Код за език
Код за езика на текст/звукозапис или на отделно заглавие Български
Код за езика КДБФ Български
080 ## - УДК
Текстов определител УДК Биологични науки
УДК код - определител по УДК 57
УДК определител (075.3)
УДК - код + определител 57(075.3)
100 1# - Редна дума - Автор
Автор Йорданов, Д.
Авторска отговорност първи автор
R(LIN) 320623
139 ## - Редно поле
Редна дума Биология
Авторски знак Био - Б 45
245 10 - Сведения за заглавието
Заглавие Биология
Подзаглавни данни Учебник за VII кл. на гимназиите
Редно поле (дума) Д. Йорданов.
250 ## - Област на изданието
Сведения за изданието 2. изд.
257 ## - Страна на издаване
Страна на създаване/издаване България
260 ## - Област на издателските данни
-- София
Име на издателя, разпространителя и проч. Държ. изд. при М-вото на нар. просв.
Година на издаване 1947
Печатница София : Задружен труд
300 ## - Физическа характеристика
Страници 174 с.
Илюстрации и др. с ил.
Размери/Мащаб 24 см
380 ## - Жанр
Жанр Естествени науки. Математика
500 ## - Общи забележки
Забележка Други авт.: К. Й. Попов, Г. Паскалев, Ив. Панчев, Ж. Ламбрев. - 1. изд. 1946. - Изд. на М-во на нар. просв. Отд. Учебници и уч. помагала. - 30 500 тир.
650 #4 - Допълнително описание по предмет – тема
Основно описание – тема или топоним Животни, лабораторни - биология и болести
9 (RLIN) 320624
650 #4 - Допълнително описание по предмет – тема
Основно описание – тема или топоним Биология - учебници за средни училища
9 (RLIN) 247367
653 ## - Ключова дума – ненормативна
Ключова дума биология
653 ## - Ключова дума – ненормативна
Ключова дума учебници за средни училища
852 ## - Местоположение
Форматна сигнатура Цб 5.240.22555
856 4# - Електронен адрес и достъп
Електронен формат pdf - файл
Път до файла /url/
856 4# - Електронен адрес и достъп
Електронен формат pdf - файл
Път до файла /url/
942 ## - АРТИКУЛИ
Вид на библиотечния материал Книги
Скрит в OPAC Не
944 ## - СЪЗДАВАНЕ И РЕДАКЦИЯ на ЗАПИСА
Създаване/Редакция Създаване
Дата на регистрацията/редакция 21.08.2012
Статус, дата на статуса 21.08.2012 - от С1,Р / 21.08.2012
Служител, извършил регистрацията/редакцията Наталия_Медовщикова
944 ## - СЪЗДАВАНЕ И РЕДАКЦИЯ на ЗАПИСА
Създаване/Редакция Редакция
Дата на регистрацията/редакция 21.08.2012
Статус, дата на статуса 21.08.2012 - от С1,Р / 21.08.2012
Служител, извършил регистрацията/редакцията
999 ## - СИСТЕМНИ КОНТРОЛНИ НОМЕРА
Koha biblionumber 127302
Koha biblioitemnumber 127302
Наличности
Код за отписване Код за изгубен артикул Източник на класификационната схема Код за повреда Коз за рестрикции Код за отдаване Артикулен № Име на библиотеката - собственик Име на библиотеката, в която се намира в момента Статус (Текущо местоположение) Дата на вписване в системата Местоположение - отдел Цена в лева Инвентарен номер Систематично азбучна сигнатура Баркод Номер на екземпляра Цена в евро Служебна бележка Служебен тип на артикула
  Не е изгубен Universal Decimal Classification Не е повреден без рестрикции ползва се в читалня 207092 Регионална библиотека "Любен Каравелов" Русе Регионална библиотека "Любен Каравелов" Русе Хранилище 1947-01-01 Основен фонд - ползва се само за читалня 0.10 22555 Цб 5.240.22555 900000046918 1 0.05 N: стар фонд Дата: 01.01.1947 Книги
Vip Innovations Ltd, Rousse, Bulgaria 2025